| 000 | 01060nam a22003018i 4500 | ||
|---|---|---|---|
| 999 |
_c29262 _d29233 |
||
| 001 | 020155996 | ||
| 003 | EG-ScBUE | ||
| 005 | 20210727140237.0 | ||
| 008 | 210219s2021 enka f 000 0 eng d | ||
| 020 | _a9780500296189 (hbk.) | ||
| 040 |
_aStDuBDS _beng _erda _cStDuBDS _dEG-ScBUE |
||
| 082 | 0 | 4 |
_a741.6 _bBIE _222 |
| 100 | 1 |
_aBierut, Michael, _eauthor. |
|
| 245 | 1 | 0 |
_aHow to use graphic design to sell things, explain things, make things look better, make people laugh, make people cry, and (every once in a while) change the world / _cMichael Bierut. |
| 250 | _aRevised and updated edition. | ||
| 264 | 1 |
_aLondon : _bThames & Hudson, _c2021. |
|
| 300 |
_a352 pages : _billustrations (colour) ; _c26 cm |
||
| 336 |
_atext _2rdacontent _btxt |
||
| 336 |
_astill image _2rdacontent _btxt |
||
| 337 |
_aunmediated _2rdamedia _bn |
||
| 338 |
_avolume _2rdacarrier _bnc |
||
| 500 | _aPrevious edition: 2015. | ||
| 650 | 7 |
_aGraphic arts. _2BUEsh |
|
| 653 |
_bGGEN _cJuly2021 |
||
| 655 |
_vReading book _934232 |
||
| 942 |
_2ddc _cBB |
||